01487nam a2200217 a 450000100100000000500170001000800410002702000180006804000250008608200260011110000280013724500440016525000210020926000560023030000200028650508590030658600390116565000240120465000270122870000140125500001685420240412074245.0100311s2010 dr 001 0 spa d z9789945002683 aDO-SdBNPbspacBNPHU aRD861.44bM878e, 20101 aMorrison, Mateo,d1947-10aEspasmos en la noche /cMateo Morrison. a2a ed. Corregida aSanto Domingo :bEditora Universitaria UASD,c2010. a47 p. ;c22 cm.1 aMateo Morrison. La poesía como experiencia vivida palabras de Enrique Eusebio en la presentación de la primera edición del libro Espasmos en la noche -- Espasmos en la noche 1 -- La cámara me observa -- Los ejercicios -- Decálogo reflexivo -- Ecología -- Inmadurez -- elementos para un dibujo -- Dormitando en la avenida -- Reunión de máscaras -- Búsqueda -- Retornar a tu vientre -- Preocupaciones por los huesos -- Egbert -- Nada más -- Los sobrevivientes -- De amores derruidos -- Primer sueño -- Los dos mares -- La música en tu cuerpo -- Los ángeles de Mieses -- Almuerzo de estrellas -- En la esquina del viento -- Otro homenaje -- Colores de la muerte -- Un imán en la sombra -- La mujer que se viste -- Cuando nací -- Este aposento -- Los sonido que alientan -- La timidez me impidió ver tus senos cuando nacián. aPremio Nacional de Literatura 2010 0aPoesía dominicana 0aLiteratura dominicana.1 aSim, Eric